|
|
|
|
| LEADER |
01390nam a22003257a 4500 |
| 001 |
32537 |
| 003 |
BD-DhAAL |
| 005 |
20250625164357.0 |
| 008 |
180411t2011 bg a|||| b||| 00| 0 eng d |
| 040 |
|
|
|a BD-DhAAL
|
| 082 |
|
|
|a 305.4095492
|2 22
|
| 100 |
|
|
|a Mahmud, Simeen.
|9 25276
|
| 245 |
|
|
|a The under reporting of women's economic activities in Bangladesh :
|b an examination of official statistics /
|c Simeen Mahmud and Sakiba Tasneem.
|
| 260 |
|
|
|a Dhaka :
|b BRAC Development Institute (BDI),
|c c2011.
|
| 300 |
|
|
|a vi, 25 pages :
|b illustrations ;
|c 24 cm.
|
| 490 |
|
|
|a BDI working paper,
|v no. 01/2011
|
| 500 |
|
|
|a "Pathways of Women's Empowerment."
|
| 504 |
|
|
|6 Including bibliographical references (page 23).
|
| 526 |
|
|
|a AAL
|
| 541 |
|
|
|a Complementary copy
|e 32537
|
| 650 |
|
|
|a Women
|x Social conditions
|z Bangladesh.
|9 25459
|
| 650 |
|
|
|a Women's rights
|z Bangladesh.
|9 25460
|
| 650 |
|
|
|a Women
|x Legal status, laws, etc.
|z Bangladesh.
|9 25461
|
| 700 |
|
|
|a Tasneem, Sakiba.
|9 25462
|
| 710 |
|
|
|a BRAC University.
|b Development Institute.
|9 25471
|
| 710 |
|
|
|a Pathways of Women's Empowerment Programme.
|9 25472
|
| 852 |
|
|
|a Ayesha Abed Library
|c General stacks
|
| 942 |
|
|
|2 ddc
|c BK
|
| 999 |
|
|
|c 39255
|d 39255
|
| 952 |
|
|
|0 0
|1 0
|2 ddc
|4 0
|6 305_409549200000000_MAH
|7 0
|9 63082
|a BRACUL
|b BRACUL
|c GEN
|d 2018-04-11
|e Complementary copy
|l 0
|o 305.4095492 MAH
|p 3010032537
|r 2018-04-11
|t 1
|w 2018-04-11
|y BK
|